Guess the European City by its Dutch name - Statistics

General Stats
  • This quiz has been taken 17 times
  • The average score is 15 of 16
Answer Stats
Hint Answer % Correct
Athene (EL) Athens
100%
Lissabon (PT) Lisbon
100%
Londen (GB) London
100%
Milaan (IT) Milan
100%
München (DE) Munich
100%
Parijs (FR) Paris
100%
Praag (CZ) Prague
100%
Den Haag (NL) The Hague
100%
Venetië (IT) Venice
100%
Warschau (PL) Warsaw
100%
Antwerpen (BE) Antwerp
94%
Brugge (BE) Bruges
94%
Wenen (AT) Vienna
94%
Keulen (DE) Cologne
81%
Genua (IT) Genova
56%
Ieper (BE) Ypres
38%
No matching quizzes found
Score Distribution
Percent of People with Each Score
Percentile by Number Answered
Your Score History
You have not taken this quiz